[Event "Anderssen Festival 2019"]
[Site "Wroclaw"]
[Date "2019.08.11"]
[Round "9.10"]
[White "Snihur, Piotr"]
[Black "Krawiecki, Stanislaw"]
[Result "1/2-1/2"]
[WhiteElo "2256"]
[BlackElo "1923"]
[Annotator "NA"]
[PlyCount "89"]
[EventDate "2019.08.05"]
[EventType "swiss"]
[EventCountry "POL"]
[SourceTitle "playchess.com"]
[Source "ChessBase"]
[SourceQuality "1"]
[TimeControl "40/5400+30:900+30"]

1. d4 Nf6 2. c4 g6 3. f3 d5 4. cxd5 Nxd5 5. e4 Nb6 6. Nc3 Bg7 7. Be3 O-O 8. Qd2 Nc6 9. O-O-O f5 10. e5 Nb4 11. Nh3 Be6 12. b3 N4d5 13. Nf4 Nxf4 14. Bxf4 Nd5 15. h4 h5 16. Nxd5 Bxd5 17. Be2 a5 18. Rhg1 a4 19. b4 a3 20. Kb1 c6 21. Ka1 Qb6 22. Bg5 Rfe8 23. Qc3 e6 24. g4 Ra4 25. Rb1 hxg4 26. fxg4 Be4 27. Bd3 Bxd3 28. Qxd3 Rxb4 29. Rxb4 Qxb4 30. Rb1 Qa5 31. gxf5 exf5 32. Qc4+ Kh7 33. Bf6 Bxf6 34. exf6 Qd5 35. Rxb7+ Kh8 36. Qc3 Re2 37. Rb8+ Kh7 38. Rb7+ Kh8 39. Rb8+ Kh7 40. Rb7+ Kg8 41. f7+ Kg7 42. f8=Q+ Kxf8 43. Qxa3+ c5 44. Qxc5+ Qxc5 45. dxc5 1/2-1/2

[Event "Anderssen Festival 2019"]
[Site "Wroclaw"]
[Date "2019.08.11"]
[Round "9.11"]
[White "Wieczorek, Zbigniew"]
[Black "Kowalczuk, Mikolaj"]
[Result "1-0"]
[WhiteElo "2235"]
[BlackElo "1942"]
[Annotator "NA"]
[PlyCount "91"]
[EventDate "2019.08.05"]
[EventType "swiss"]
[EventCountry "POL"]
[SourceTitle "playchess.com"]
[Source "ChessBase"]
[SourceQuality "1"]
[TimeControl "40/5400+30:900+30"]

1. c4 {[%emt 0:00:00]} e5 {[%emt 0:00:00]} 2. Nc3 {[%emt 0:00:00]} Nc6 {[%emt 0:00:00]} 3. Nf3 {[%emt 0:00:00]} g6 {[%emt 0:00:02]} 4. g3 {[%emt 0:00:05]} Bg7 {[%emt 0:00:03]} 5. Bg2 {[%emt 0:00:03]} f5 {[%emt 0:00:15]} 6. d3 {[%emt 0:00:05]} d6 {[%emt 0:00:17]} 7. Rb1 {[%emt 0:00:06]} a5 {[%emt 0:00:05]} 8. O-O {[%emt 0:00:11]} Nf6 {[%emt 0:01:00]} 9. Bg5 {[%emt 0:00:36]} h6 {[%emt 0:01:47]} 10. Bxf6 {[%emt 0:00:04]} Bxf6 {[%emt 0:03:15]} 11. Nd5 {[%emt 0:00:12]} O-O {[%emt 0:14:14]} 12. a3 {[%emt 0:01:14]} Bg7 {[%emt 0:04:48]} 13. b4 {[%emt 0:00:51]} axb4 {[%emt 0:00:13]} 14. axb4 {[%emt 0:00:04]} g5 {[%emt 0:03:25]} 15. b5 {[%emt 0:01:46]} Ne7 {[%emt 0:00:38]} 16. Nd2 {[%emt 0:02:15]} Rb8 {[%emt 0:10:15]} 17. Nb3 {[%emt 0:13:18]} b6 {[%emt 0:13:34]} 18. Nd2 {[%emt 0:03:08]} Bb7 {[%emt 0:04:21]} 19. Nb4 {[%emt 0:00:14]} Bxg2 {[%emt 0:01:55]} 20. Kxg2 {[%emt 0:00:03]} g4 {[%emt 0:10:56]} 21. e4 {[%emt 0:01:58]} Qe8 {[%emt 0:04:41]} 22. Ra1 {[%emt 0:06:28]} Rb7 {[%emt 0:09:01]} 23. Ra2 {[%emt 0:01:38]} Qh5 {[%emt 0:02:49]} 24. Nc6 {[%emt 0:06:45]} Qh3+ {[%emt 0:03:51]} 25. Kh1 {[%emt 0:00:27]} Nxc6 {[%emt 0:08:15]} 26. bxc6 {[%emt 0:01:04]} Rbb8 {[%emt 0:00:01]} 27. Ra7 {[%emt 0:01:40]} f4 {[%emt 0:02:35]} 28. Rxc7 {[%emt 0:00:58]} Rbc8 {[%emt 0:01:03]} 29. Rxc8 {[%emt 0:00:08]} Rxc8 {[%emt 0:00:05]} 30. Qa4 {[%emt 0:06:55]} f3 {[%emt 0:00:57]} 31. Rg1 {[%emt 0:00:08]} Qh5 {[%emt 0:00:24]} 32. Nf1 {[%emt 0:02:17]} Qe8 {[%emt 0:00:30]} 33. Ne3 {[%emt 0:00:07]} Rxc6 {[%emt 0:00:40]} 34. Nxg4 {[%emt 0:00:45]} h5 {[%emt 0:00:21]} 35. Ne3 {[%emt 0:00:05]} Qc8 {[%emt 0:00:40]} 36. Nf5 {[%emt 0:00:27]} Bf8 {[%emt 0:00:12]} 37. Qd1 {[%emt 0:00:09]} b5 {[%emt 0:00:47]} 38. cxb5 {[%emt 0:00:13]} Rb6 {[%emt 0:00:27]} 39. Qb3+ {[%emt 0:00:57]} Kh8 {[%emt 0:00:29]} 40. Qf7 {[%emt 0:00:00]} Rb7 {[%emt 0:00:00]} 41. Qxh5+ {[%emt 0:00:46]} Rh7 {[%emt 0:00:18]} 42. Qxf3 {[%emt 0:00:05]} Qb7 {[%emt 0:01:37]} 43. Rb1 {[%emt 0:00:15]} Rf7 {[%emt 0:01:18]} 44. b6 {[%emt 0:00:09]} Qc6 {[%emt 0:01:49]} 45. Qh5+ {[%emt 0:00:39]} Kg8 {[%emt 0:01:18]} 46. Qg6+ {[%emt 0:00:11]} 1-0

[Event "Anderssen Festival 2019"]
[Site "Wroclaw"]
[Date "2019.08.11"]
[Round "9.12"]
[White "Zgadzaj, Rafal"]
[Black "Kawalko, Adam"]
[Result "0-1"]
[WhiteElo "2133"]
[BlackElo "1920"]
[Annotator "NA"]
[PlyCount "74"]
[EventDate "2019.08.05"]
[EventType "swiss"]
[EventCountry "POL"]
[SourceTitle "playchess.com"]
[Source "ChessBase"]
[SourceQuality "1"]
[TimeControl "40/5400+30:900+30"]

1. c4 {[%emt 0:00:00]} e5 {[%emt 0:00:00]} 2. g3 {[%emt 0:00:00]} Nc6 {[%emt 0:00:00]} 3. Bg2 {[%emt 0:00:00]} g6 {[%emt 0:00:04]} 4. Nc3 {[%emt 0:00:00]} Bg7 {[%emt 0:00:09]} 5. d3 {[%emt 0:00:02]} d6 {[%emt 0:01:06]} 6. Rb1 {[%emt 0:00:13]} f5 {[%emt 0:00:22]} 7. Nf3 {[%emt 0:00:41]} Nf6 {[%emt 0:02:29]} 8. O-O {[%emt 0:00:06]} O-O {[%emt 0:01:35]} 9. b4 {[%emt 0:00:09]} h6 {[%emt 0:06:31]} 10. b5 {[%emt 0:02:48]} Ne7 {[%emt 0:01:10]} 11. Qc2 {[%emt 0:00:07]} Be6 {[%emt 0:12:19]} 12. c5 {[%emt 0:02:58]} Nfd5 {[%emt 0:05:33]} 13. Na4 {[%emt 0:03:28]} b6 {[%emt 0:05:47]} 14. cxd6 {[%emt 0:08:22]} cxd6 {[%emt 0:00:32]} 15. Ba3 {[%emt 0:00:19]} Rc8 {[%emt 0:03:26]} 16. Qd2 {[%emt 0:00:49]} Qd7 {[%emt 0:05:38]} 17. e4 {[%emt 0:08:37]} Nc7 {[%emt 0:05:08]} 18. Qb4 {[%emt 0:01:53]} Rfd8 {[%emt 0:01:51]} 19. Nc3 {[%emt 0:05:38]} Kf7 {[%emt 0:07:39]} 20. d4 {[%emt 0:03:44]} d5 {[%emt 0:04:43]} 21. exf5 {[%emt 0:06:51]} Bxf5 {[%emt 0:02:28]} 22. Rbe1 {[%emt 0:00:25]} e4 {[%emt 0:04:14]} 23. Nh4 {[%emt 0:01:11]} Ne6 {[%emt 0:03:51]} 24. Ne2 {[%emt 0:13:48]} Rc4 {[%emt 0:00:58]} 25. Qd2 {[%emt 0:12:22]} Nxd4 {[%emt 0:01:29]} 26. f3 {[%emt 0:00:24]} Nxe2+ {[%emt 0:03:00]} 27. Qxe2 {[%emt 0:03:12]} e3 {[%emt 0:01:46]} 28. g4 {[%emt 0:00:32]} Be6 {[%emt 0:01:01]} 29. Bxe7 {[%emt 0:03:19]} Qxe7 {[%emt 0:01:13]} 30. Nxg6 {[%emt 0:01:03]} Kxg6 {[%emt 0:01:28]} 31. Qd3+ {[%emt 0:00:09]} Kf7 {[%emt 0:01:09]} 32. f4 {[%emt 0:00:19]} Rc3 {[%emt 0:01:32]} 33. Qd1 {[%emt 0:01:06]} d4 {[%emt 0:00:59]} 34. f5 {[%emt 0:01:13]} Bc4 {[%emt 0:01:23]} 35. f6 {[%emt 0:01:23]} Bxf6 {[%emt 0:01:03]} 36. g5 {[%emt 0:04:23]} e2 {[%emt 0:01:20]} 37. Qb1 {[%emt 0:01:46]} Bd3 {[%emt 0:02:17]} 0-1

[Event "Anderssen Festival 2019"]
[Site "Wroclaw"]
[Date "2019.08.11"]
[Round "9.13"]
[White "Klonowski, Arkadiusz"]
[Black "Luberanski, Jakub"]
[Result "0-1"]
[WhiteElo "1628"]
[BlackElo "2010"]
[Annotator "NA"]
[PlyCount "117"]
[EventDate "2019.08.05"]
[EventType "swiss"]
[EventCountry "POL"]
[SourceTitle "playchess.com"]
[Source "ChessBase"]
[SourceQuality "1"]
[TimeControl "40/5400+30:900+30"]

1. Nf3 {[%emt 0:00:00]} d5 {[%emt 0:00:00]} 2. c4 {[%emt 0:00:00]} c6 {[%emt 0:00:00]} 3. g3 {[%emt 0:00:00]} Nf6 {[%emt 0:00:00]} 4. Bg2 {[%emt 0:00:00]} Bf5 {[%emt 0:02:25]} 5. cxd5 {[%emt 0:02:34]} cxd5 {[%emt 0:01:37]} 6. O-O {[%emt 0:01:56]} Nc6 {[%emt 0:01:52]} 7. d4 {[%emt 0:02:16]} e6 {[%emt 0:00:26]} 8. a3 {[%emt 0:00:23]} Bd6 {[%emt 0:01:27]} 9. Nc3 {[%emt 0:01:03]} O-O {[%emt 0:00:46]} 10. b4 {[%emt 0:02:06]} h6 {[%emt 0:04:18]} 11. Bb2 {[%emt 0:00:58]} Bh7 {[%emt 0:06:51]} 12. Rc1 {[%emt 0:01:36]} Rc8 {[%emt 0:01:23]} 13. e3 {[%emt 0:06:27]} Nd7 {[%emt 0:03:37]} 14. Na4 {[%emt 0:04:56]} Nb6 15. Nd2 Bd3 16. Nxb6 Qxb6 17. Re1 a5 18. Qb3 Ba6 19. bxa5 Qxb3 20. Nxb3 Bc4 21. Rc3 Ra8 22. Bf1 Bxf1 23. Kxf1 Nxa5 24. Nxa5 Rxa5 25. Rb3 Rb8 26. Ra1 Ra4 27. Ke2 Kf8 28. Kd3 Ke7 29. Bc3 Rc4 30. Bb4 Rbc8 31. Bxd6+ Kxd6 32. Rb6+ R8c6 33. Rxc6+ Kxc6 34. Rb1 b5 35. h4 Kb6 36. g4 Ka5 37. f3 f6 38. e4 e5 39. dxe5 dxe4+ 40. fxe4 fxe5 41. Rf1 Ka4 42. Rf7 Kxa3 43. Rxg7 Rd4+ 44. Kc3 b4+ 45. Kc2 Rc4+ 46. Kd3 Rd4+ 47. Kc2 Rc4+ 48. Kd3 Rc3+ 49. Kd2 Rh3 50. g5 Rxh4 51. gxh6 Rxh6 52. Rg5 Rd6+ 53. Ke3 b3 54. Rxe5 b2 55. Rb5 Rd1 56. e5 b1=Q 57. Rxb1 Rxb1 58. Kf4 Kb4 59. Ke3 0-1

[Event "Anderssen Festival 2019"]
[Site "Wroclaw"]
[Date "2019.08.11"]
[Round "9.14"]
[White "Ochman, Sebastian"]
[Black "Korpalski, Maciej"]
[Result "1-0"]
[WhiteElo "1789"]
[BlackElo "1954"]
[Annotator "NA"]
[PlyCount "69"]
[EventDate "2019.08.05"]
[EventType "swiss"]
[EventCountry "POL"]
[SourceTitle "playchess.com"]
[Source "ChessBase"]
[SourceQuality "1"]
[TimeControl "40/5400+30:900+30"]

1. d4 Nf6 2. c4 g6 3. Nc3 Bg7 4. e4 d6 5. f3 O-O 6. Be3 a6 7. Qd2 Nc6 8. O-O-O Bd7 9. h4 h5 10. Bh6 e5 11. Nge2 Na5 12. Bxg7 Kxg7 13. dxe5 dxe5 14. Ng3 Qe8 15. Nd5 Nxd5 16. Qxd5 Ba4 17. Qxa5 Bxd1 18. Kxd1 Rd8+ 19. Kc2 Qe7 20. Bd3 Rd7 21. Ne2 Rfd8 22. Rd1 b6 23. Qc3 Kh7 24. Qe1 Qc5 25. Qg1 Qa5 26. Nc3 b5 27. Qc5 c6 28. Qxc6 b4 29. Nd5 Rd6 30. Qc7 Qa4+ 31. Kc1 Kg7 32. Qe7 Qxa2 33. Qxe5+ Kh7 34. Nxb4 Qa1+ 35. Kd2 1-0

[Event "Anderssen Festival 2019"]
[Site "Wroclaw"]
[Date "2019.08.11"]
[Round "9.15"]
[White "Gorny, Michael"]
[Black "Wang, Ruiming"]
[Result "1/2-1/2"]
[WhiteElo "2067"]
[BlackElo "1853"]
[Annotator "NA"]
[PlyCount "66"]
[EventDate "2019.08.05"]
[EventType "swiss"]
[EventCountry "POL"]
[SourceTitle "playchess.com"]
[Source "ChessBase"]
[SourceQuality "1"]
[TimeControl "40/5400+30:900+30"]

1. d4 {[%emt 0:00:00]} Nf6 {[%emt 0:00:00]} 2. c4 {[%emt 0:00:00]} c5 {[%emt 0:00:02]} 3. e3 {[%emt 0:00:30]} cxd4 {[%emt 0:01:39]} 4. exd4 {[%emt 0:00:09]} g6 {[%emt 0:01:49]} 5. Nc3 {[%emt 0:02:31]} Bg7 {[%emt 0:00:33]} 6. Nf3 {[%emt 0:04:35]} O-O {[%emt 0:00:16]} 7. Be2 {[%emt 0:07:07]} d5 {[%emt 0:06:11]} 8. O-O {[%emt 0:01:56]} dxc4 {[%emt 0:09:28]} 9. Bxc4 {[%emt 0:05:23]} Bg4 {[%emt 0:01:45]} 10. d5 {[%emt 0:16:09]} Nbd7 {[%emt 0:05:16]} 11. Re1 {[%emt 0:03:22]} Rc8 {[%emt 0:03:50]} 12. Bb3 {[%emt 0:02:11]} Nc5 {[%emt 0:14:04]} 13. h3 {[%emt 0:05:50]} Bxf3 {[%emt 0:03:06]} 14. Qxf3 {[%emt 0:00:23]} Nxb3 {[%emt 0:03:55]} 15. axb3 {[%emt 0:00:08]} a6 {[%emt 0:00:10]} 16. Bg5 {[%emt 0:01:34]} h6 {[%emt 0:03:20]} 17. Be3 {[%emt 0:03:55]} Nd7 {[%emt 0:08:30]} 18. d6 {[%emt 0:09:15]} exd6 {[%emt 0:07:23]} 19. Qxb7 {[%emt 0:01:52]} Nc5 {[%emt 0:12:08]} 20. Qd5 {[%emt 0:07:49]} Qb6 {[%emt 0:03:02]} 21. Ra3 {[%emt 0:01:29]} Rfe8 {[%emt 0:04:34]} 22. Rd1 {[%emt 0:01:03]} Qb4 {[%emt 0:02:42]} 23. Bd4 {[%emt 0:05:31]} Rcd8 {[%emt 0:03:22]} 24. Qc4 {[%emt 0:04:51]} Rb8 {[%emt 0:01:08]} 25. Qxb4 {[%emt 0:09:04]} Rxb4 {[%emt 0:00:07]} 26. Bxg7 {[%emt 0:00:27]} Kxg7 {[%emt 0:00:08]} 27. Rxd6 {[%emt 0:00:22]} Nxb3 {[%emt 0:00:58]} 28. g3 {[%emt 0:03:59]} Nc1 {[%emt 0:01:12]} 29. Rd2 {[%emt 0:00:34]} Reb8 {[%emt 0:00:49]} 30. Rc2 {[%emt 0:00:56]} Nd3 {[%emt 0:01:14]} 31. Nd1 {[%emt 0:01:27]} Nxb2 {[%emt 0:00:34]} 32. Nxb2 {[%emt 0:00:34]} Rxb2 {[%emt 0:00:07]} 33. Rxb2 {[%emt 0:00:02]} Rxb2 {[%emt 0:00:07]} 1/2-1/2

[Event "Anderssen Festival 2019"]
[Site "Wroclaw"]
[Date "2019.08.11"]
[Round "9.16"]
[White "Zerebiec, Maurycy"]
[Black "Malecki, Rafal"]
[Result "0-1"]
[WhiteElo "1708"]
[BlackElo "2063"]
[Annotator "NA"]
[PlyCount "96"]
[EventDate "2019.08.05"]
[EventType "swiss"]
[EventCountry "POL"]
[SourceTitle "playchess.com"]
[Source "ChessBase"]
[SourceQuality "1"]
[TimeControl "40/5400+30:900+30"]

1. c4 {[%emt 0:00:00]} e5 {[%emt 0:00:29]} 2. Nc3 {[%emt 0:00:00]} Nc6 {[%emt 0:00:08]} 3. g3 {[%emt 0:00:00]} d6 {[%emt 0:00:05]} 4. Bg2 {[%emt 0:00:05]} Be6 {[%emt 0:00:04]} 5. d3 {[%emt 0:00:08]} Qd7 {[%emt 0:00:07]} 6. e4 {[%emt 0:00:23]} g6 {[%emt 0:01:48]} 7. Nge2 {[%emt 0:00:21]} Bg7 {[%emt 0:00:21]} 8. Be3 {[%emt 0:03:24]} Nge7 {[%emt 0:05:00]} 9. Qd2 {[%emt 0:00:35]} Nd4 {[%emt 0:01:55]} 10. Nd5 {[%emt 0:05:11]} Nxe2 {[%emt 0:13:23]} 11. Qxe2 {[%emt 0:02:04]} O-O {[%emt 0:08:08]} 12. O-O {[%emt 0:00:41]} Nc8 {[%emt 0:02:06]} 13. Qd2 {[%emt 0:03:25]} c6 {[%emt 0:02:10]} 14. Nc3 {[%emt 0:00:08]} Ne7 {[%emt 0:06:44]} 15. Rac1 {[%emt 0:06:15]} f5 {[%emt 0:12:07]} 16. f4 {[%emt 0:04:01]} fxe4 {[%emt 0:03:01]} 17. Nxe4 {[%emt 0:00:28]} Nf5 {[%emt 0:00:36]} 18. fxe5 {[%emt 0:01:06]} Bxe5 {[%emt 0:05:08]} 19. Ng5 {[%emt 0:02:28]} Nxe3 {[%emt 0:07:25]} 20. Rxf8+ {[%emt 0:00:08]} Rxf8 {[%emt 0:00:23]} 21. Nxe6 {[%emt 0:00:06]} Qxe6 {[%emt 0:05:44]} 22. Qxe3 {[%emt 0:00:09]} Qg4 {[%emt 0:08:05]} 23. Kh1 {[%emt 0:01:59]} Bxb2 {[%emt 0:02:31]} 24. Rb1 {[%emt 0:02:20]} Bd4 {[%emt 0:01:01]} 25. Qe7 {[%emt 0:01:38]} Rf7 {[%emt 0:04:17]} 26. Qxd6 {[%emt 0:02:34]} Kg7 {[%emt 0:00:46]} 27. h3 {[%emt 0:01:40]} Qd7 {[%emt 0:01:25]} 28. Qxd7 {[%emt 0:00:34]} Rxd7 {[%emt 0:00:06]} 29. Kh2 {[%emt 0:01:44]} Be5 {[%emt 0:05:46]} 30. Be4 {[%emt 0:00:10]} Rf7 {[%emt 0:00:34]} 31. Kg2 {[%emt 0:00:07]} Bd4 {[%emt 0:01:12]} 32. Rf1 {[%emt 0:00:08]} Rc7 {[%emt 0:01:03]} 33. Rb1 {[%emt 0:00:11]} Kf6 {[%emt 0:00:35]} 34. Rf1+ {[%emt 0:00:19]} Ke5 {[%emt 0:00:48]} 35. Rf8 {[%emt 0:00:20]} Bc5 {[%emt 0:00:50]} 36. Rd8 {[%emt 0:00:39]} Rf7 {[%emt 0:00:37]} 37. Bf3 {[%emt 0:00:09]} Bb6 {[%emt 0:00:23]} 38. Rh8 {[%emt 0:02:32]} Kd4 {[%emt 0:00:19]} 39. Be4 {[%emt 0:00:55]} Kc3 {[%emt 0:00:36]} 40. h4 {[%emt 0:00:00]} Kb2 {[%emt 0:00:00]} 41. h5 {[%emt 0:02:38]} gxh5 {[%emt 0:08:54]} 42. Kh3 {[%emt 0:02:21]} Kxa2 {[%emt 0:00:51]} 43. Rxh7 {[%emt 0:01:31]} Rxh7 {[%emt 0:00:46]} 44. Bxh7 {[%emt 0:00:09]} a5 {[%emt 0:00:28]} 45. Kh4 {[%emt 0:00:53]} a4 {[%emt 0:02:25]} 46. Bf5 {[%emt 0:01:10]} a3 {[%emt 0:00:39]} 47. c5 {[%emt 0:00:27]} Bxc5 {[%emt 0:00:20]} 48. Kxh5 {[%emt 0:00:11]} Kb2 {[%emt 0:00:21]} 0-1

[Event "Anderssen Festival 2019"]
[Site "Wroclaw"]
[Date "2019.08.11"]
[Round "9.17"]
[White "Verwoert, Jef"]
[Black "Lesniak, Szymon"]
[Result "1-0"]
[WhiteElo "2034"]
[BlackElo "1534"]
[Annotator "NA"]
[PlyCount "105"]
[EventDate "2019.08.05"]
[EventType "swiss"]
[EventCountry "POL"]
[SourceTitle "playchess.com"]
[Source "ChessBase"]
[SourceQuality "1"]
[TimeControl "40/5400+30:900+30"]

1. Nf3 Nf6 2. g3 c5 3. Bg2 g6 4. O-O Bg7 5. d4 cxd4 6. Nxd4 O-O 7. Nc3 Nc6 8. Nb3 d6 9. a4 Be6 10. a5 Qd7 11. Re1 Rfd8 12. a6 bxa6 13. Nd4 Nxd4 14. Bxa8 Nxc2 15. Qxc2 Rxa8 16. Rxa6 Qb7 17. Qd3 Rc8 18. Ra4 Bd7 19. Qa6 Qa8 20. Rc4 Rxc4 21. Qxc4 Bh3 22. e4 a5 23. b3 Ng4 24. Qd5 Qc8 25. Ne2 Ne5 26. Nd4 Be6 27. Qxa5 Nd3 28. Nxe6 Nxe1 29. Qd8+ Qxd8 30. Nxd8 Bc3 31. Nc6 Nd3 32. Nxe7+ Kf8 33. Bg5 Nc5 34. Nd5 Bd4 35. Be7+ Ke8 36. Bxd6 Nxe4 37. Bf4 Nxf2 38. Kf1 Nd3 39. Bd2 Kd7 40. Ke2 Nc5 41. b4 Nb3 42. Bc3 Bg1 43. h3 h5 44. Kd3 Kd6 45. Kc4 Nc1 46. Nf6 Ne2 47. Ne4+ Kc6 48. b5+ Kb6 49. Bf6 Bh2 50. Bd8+ Kb7 51. Nd6+ Kb8 52. b6 Bxg3 53. Bc7+ 1-0

[Event "Anderssen Festival 2019"]
[Site "Wroclaw"]
[Date "2019.08.11"]
[Round "9.18"]
[White "Socha, Kamil"]
[Black "Czyz, Andrzej"]
[Result "0-1"]
[WhiteElo "1741"]
[BlackElo "2000"]
[Annotator "NA"]
[PlyCount "90"]
[EventDate "2019.08.05"]
[EventType "swiss"]
[EventCountry "POL"]
[SourceTitle "playchess.com"]
[Source "ChessBase"]
[SourceQuality "1"]
[TimeControl "40/5400+30:900+30"]

1. Nf3 {[%emt 0:00:00]} Nf6 {[%emt 0:00:00]} 2. g3 {[%emt 0:00:00]} d5 {[%emt 0:03:43]} 3. d4 {[%emt 0:00:00]} Bf5 {[%emt 0:05:02]} 4. Bg2 {[%emt 0:00:04]} e6 {[%emt 0:01:12]} 5. O-O {[%emt 0:00:16]} h6 {[%emt 0:00:30]} 6. c4 {[%emt 0:00:10]} c6 {[%emt 0:00:17]} 7. Qb3 {[%emt 0:00:35]} Qb6 {[%emt 0:00:49]} 8. Nc3 {[%emt 0:00:39]} Nbd7 {[%emt 0:00:54]} 9. c5 {[%emt 0:00:41]} Qc7 {[%emt 0:01:43]} 10. Bf4 {[%emt 0:00:10]} Qc8 {[%emt 0:00:05]} 11. Nh4 {[%emt 0:01:22]} Bh7 {[%emt 0:00:09]} 12. Nf3 {[%emt 0:00:25]} Be7 {[%emt 0:00:48]} 13. Qd1 {[%emt 0:00:54]} O-O {[%emt 0:00:35]} 14. b4 {[%emt 0:00:38]} Ne4 {[%emt 0:02:03]} 15. Nxe4 {[%emt 0:00:48]} Bxe4 {[%emt 0:00:04]} 16. Nd2 {[%emt 0:01:44]} Bxg2 {[%emt 0:00:06]} 17. Kxg2 {[%emt 0:00:07]} Bf6 {[%emt 0:00:15]} 18. Nf3 {[%emt 0:00:27]} Re8 {[%emt 0:00:31]} 19. Be5 {[%emt 0:04:44]} Bd8 {[%emt 0:03:22]} 20. Qd3 {[%emt 0:01:00]} f6 {[%emt 0:00:23]} 21. Bd6 {[%emt 0:00:28]} Bc7 {[%emt 0:00:46]} 22. Bxc7 {[%emt 0:00:14]} Qxc7 {[%emt 0:00:05]} 23. e4 {[%emt 0:00:55]} dxe4 {[%emt 0:17:39]} 24. Qxe4 {[%emt 0:00:07]} f5 {[%emt 0:00:48]} 25. Qe2 {[%emt 0:01:29]} Nf6 {[%emt 0:00:25]} 26. Rfe1 {[%emt 0:01:49]} Rad8 {[%emt 0:06:03]} 27. a4 {[%emt 0:00:18]} Qd7 {[%emt 0:04:13]} 28. b5 {[%emt 0:00:19]} Qd5 {[%emt 0:01:11]} 29. bxc6 {[%emt 0:05:39]} bxc6 {[%emt 0:01:50]} 30. Rab1 {[%emt 0:01:17]} Re7 {[%emt 0:06:06]} 31. Kg1 {[%emt 0:00:20]} Ne4 {[%emt 0:00:39]} 32. Qa6 {[%emt 0:02:33]} Nc3 {[%emt 0:04:56]} 33. Ne5 {[%emt 0:01:07]} Nxb1 {[%emt 0:03:37]} 34. Nxc6 {[%emt 0:00:21]} Ree8 {[%emt 0:00:20]} 35. Rxb1 {[%emt 0:04:58]} Rd7 {[%emt 0:06:31]} 36. Rb7 {[%emt 0:02:37]} Rxb7 {[%emt 0:02:31]} 37. Qxb7 {[%emt 0:00:09]} Qe4 {[%emt 0:01:33]} 38. Qd7 {[%emt 0:06:28]} Rf8 {[%emt 0:01:52]} 39. Nd8 {[%emt 0:03:16]} Rf6 {[%emt 0:01:18]} 40. Qe8+ {[%emt 0:00:00]} Kh7 {[%emt 0:00:00]} 41. Nf7 {[%emt 0:07:28]} Qxd4 {[%emt 0:02:16]} 42. h4 {[%emt 0:07:33]} f4 {[%emt 0:10:24]} 43. h5 {[%emt 0:03:20]} Qd1+ {[%emt 0:00:32]} 44. Kg2 {[%emt 0:00:48]} Qxh5 {[%emt 0:00:17]} 45. Qh8+ {[%emt 0:03:23]} Kg6 {[%emt 0:00:18]} 0-1

[Event "Anderssen Festival 2019"]
[Site "Wroclaw"]
[Date "2019.08.11"]
[Round "9.19"]
[White "Rog, Mateusz"]
[Black "Jablonska, Sabina"]
[Result "1-0"]
[WhiteElo "1473"]
[BlackElo "1963"]
[Annotator "NA"]
[PlyCount "73"]
[EventDate "2019.08.05"]
[EventType "swiss"]
[EventCountry "POL"]
[SourceTitle "playchess.com"]
[Source "ChessBase"]
[SourceQuality "1"]
[TimeControl "40/5400+30:900+30"]

1. e4 {[%emt 0:00:00]} b6 {[%emt 0:00:00]} 2. d4 {[%emt 0:00:12]} Bb7 {[%emt 0:00:00]} 3. Bd3 {[%emt 0:01:27]} e6 {[%emt 0:00:00]} 4. Nf3 {[%emt 0:00:26]} Ne7 {[%emt 0:00:15]} 5. b3 {[%emt 0:03:19]} g6 {[%emt 0:00:39]} 6. Bb2 {[%emt 0:01:45]} Bg7 {[%emt 0:00:07]} 7. c4 {[%emt 0:00:34]} d6 {[%emt 0:00:58]} 8. Qc2 {[%emt 0:02:12]} Nd7 {[%emt 0:00:30]} 9. Nbd2 {[%emt 0:00:24]} e5 {[%emt 0:04:28]} 10. O-O {[%emt 0:02:42]} O-O {[%emt 0:04:36]} 11. Rfe1 {[%emt 0:02:09]} h6 {[%emt 0:01:41]} 12. b4 {[%emt 0:01:32]} a6 {[%emt 0:06:42]} 13. d5 {[%emt 0:01:52]} f5 {[%emt 0:04:54]} 14. exf5 {[%emt 0:04:26]} Nxf5 {[%emt 0:02:04]} 15. Ne4 {[%emt 0:02:33]} Kh7 {[%emt 0:06:12]} 16. Ng3 {[%emt 0:06:15]} Qf6 {[%emt 0:05:32]} 17. Nxf5 {[%emt 0:01:06]} gxf5 {[%emt 0:01:46]} 18. g4 {[%emt 0:02:50]} Rf7 {[%emt 0:03:11]} 19. Bxf5+ {[%emt 0:01:57]} Kh8 {[%emt 0:00:05]} 20. Rad1 {[%emt 0:13:17]} c6 {[%emt 0:06:17]} 21. Rd3 {[%emt 0:01:20]} cxd5 {[%emt 0:06:05]} 22. cxd5 {[%emt 0:00:44]} Rc8 {[%emt 0:00:06]} 23. Qd2 {[%emt 0:02:17]} b5 {[%emt 0:01:09]} 24. Be6 {[%emt 0:00:38]} Re7 {[%emt 0:01:48]} 25. g5 {[%emt 0:02:13]} Qg6 {[%emt 0:02:49]} 26. Nh4 {[%emt 0:01:01]} Qe8 {[%emt 0:03:59]} 27. Nf5 {[%emt 0:01:31]} Rxe6 {[%emt 0:01:19]} 28. dxe6 {[%emt 0:01:51]} Qxe6 {[%emt 0:00:24]} 29. Nxg7 {[%emt 0:00:15]} Kxg7 {[%emt 0:00:33]} 30. gxh6+ {[%emt 0:02:35]} Kh7 {[%emt 0:00:25]} 31. Rg3 {[%emt 0:00:50]} Rg8 {[%emt 0:00:12]} 32. Ree3 {[%emt 0:04:18]} Nf6 {[%emt 0:00:35]} 33. Rxg8 {[%emt 0:01:36]} Nxg8 {[%emt 0:00:09]} 34. Rg3 {[%emt 0:04:24]} Be4 {[%emt 0:10:10]} 35. Qg5 {[%emt 0:07:15]} Qg6 {[%emt 0:00:09]} 36. Qd8 {[%emt 0:01:09]} Qe6 {[%emt 0:04:12]} 37. Qf8 {[%emt 0:00:22]} 1-0

[Event "Anderssen Festival 2019"]
[Site "Wroclaw"]
[Date "2019.08.11"]
[Round "9.20"]
[White "Partoens, Remi"]
[Black "Owoc, Jakub"]
[Result "1-0"]
[WhiteElo "1957"]
[BlackElo "1614"]
[Annotator "NA"]
[PlyCount "91"]
[EventDate "2019.08.05"]
[EventType "swiss"]
[EventCountry "POL"]
[SourceTitle "playchess.com"]
[Source "ChessBase"]
[SourceQuality "1"]
[TimeControl "40/5400+30:900+30"]

1. e4 c6 2. d4 d5 3. e5 c5 4. c3 Bf5 5. Ne2 e6 6. Ng3 Bg6 7. h4 h6 8. h5 Bh7 9. Bd3 Bxd3 10. Qxd3 Nc6 11. Nd2 Qb6 12. Nf3 cxd4 13. cxd4 Bb4+ 14. Bd2 Bxd2+ 15. Qxd2 Qb4 16. Rc1 Kd7 17. Rc3 Nge7 18. O-O Rac8 19. Rfc1 Qa5 20. Ne2 b6 21. a3 Qb5 22. Nh4 Na5 23. b3 Rxc3 24. Rxc3 Rc8 25. a4 Qa6 26. Rf3 Ke8 27. Nc3 Nxb3 28. Qf4 Kd7 29. Nxd5 Nc1 30. Qxf7 Ne2+ 31. Kh2 exd5 32. Ng6 Re8 33. e6+ Kd6 34. Qxe8 Qb7 35. Qd7+ Qxd7 36. exd7 Nc6 37. Rf7 Nexd4 38. Rxg7 Ne2 39. Ne7 Nd8 40. Nf5+ Ke6 41. Nxh6 d4 42. Ng4 d3 43. h6 Nc3 44. Ne3 d2 45. h7 Nd5 46. Nd1 1-0